Hľadať realistické východiská V Madride prehovoril vedúci čs. delegácie R. Klein

Bibliographic Details
Format: Article
Language:Slovak
Subjects:

MARC

LEADER 00000nab a2200000 a 4500
001 vtls000106615
003 SK-MaSNL
005 20260303024213.0
008 111104c1982 xo 0 slo
015 |a SNBRB19rr/mm-uuuuu 
035 |a CL0116718 
040 |a SNKBUCL  |b slo  |c SNKBUCL  |e AACR2 
041 0 |a slo 
044 |a xo  |c SK 
080 |a 327.3  |2 1981 
245 0 0 |a Hľadať realistické východiská  |b V Madride prehovoril vedúci čs. delegácie R. Klein 
610 7 |a Konferencia o bezpečnosti a spolupráci v Európe  |d 1982  |2 snkbucl  |9 1007635 
650 0 7 |a mier  |x konferencie  |x 1982  |2 snkbucl  |9 1007636 
655 7 |a články z novín a časopisov  |2 snkbucl  |9 267496 
773 0 |t Pravda  |g Roč. 63, č. 37 (13. 2. 1982), s. 1 a 7 
850 |a Slovenská národná knižnica v Martine  |a MTA001 
852 |a SNK  |b KIS3GCP 
958 |a RK 
992 |a RBX 
999 |c 1639021  |d 1640951